Magna Cum Laude Quiz Stats

 Plays Quiz Updated Jul 16, 2019

Support Sporcle.
Go Orange.
Score 0/20 Timer 06:00
0 Plays Today
Alumni College % Correct
George H.W. Bush, Jodie Foster, Meryl Streep, Sigourney WeaverYale
78.7%
Andy Griffith, Michael Jordan, Marion Jones, James K. Polk, Mia HammNorth Carolina
66.9%
John Elway, Tiger Woods, Sandra Day O'Connor, Sally RideStanford
64.7%
E.E. Cummings, Al Gore, Tommy Lee Jones, Yo-Yo Ma, Conan O'BrienHarvard
61.4%
David Alan Grier, James Earl Jones, Lucy Liu, Tom Brady, Gerald FordMichigan
61.3%
Antonin Scalia, Bill Clinton, Paul Tagliabue, Patrick EwingGeorgetown
58.2%
Roger Clemens, Walter Cronkite, Farrah Fawcett, Matthew McConaughey, Renee ZellwegerTexas
52.3%
Regis Philbin, Condoleezza Rice, Nicholas Sparks, Joe MontanaNotre Dame
51.5%
George Lucas, Jason Reitman, Will Ferrell, John WayneUSC
50.6%
Nancy Cartwright, Jim Morrison, Francis Ford Coppola, Troy AikmanUCLA
45.2%
Alumni College % Correct
Wilt Chamberlain, Bob Dole, Paul Pierce, Alan MulallyKansas
45%
Thomas Jefferson, Jon Stewart, James Monroe, John MarshallWilliam and Mary
40.9%
David Duchovny, Ralph Nader, Brooke Shields, James Madison, Steve ForbesPrinceton
36.9%
Tip O'Neill, Leonard Nimoy, Amy Poehler, John Kerry, Matt HasselbeckBoston College
34.4%
Jack Nicklaus, R.L. Stine, Bobby Knight, John GlennOhio State
33.5%
Dick Butkus, Hugh Hefner, Ang LeeIllinois
31.9%
Barry Bonds, Phil Mickelson, David Spade, Al MichaelsArizona State
31.7%
Jeff Foxworthy, Nomar Garciaparra, Jason VaritekGeorgia Tech
28%
Ruth Bader Ginsburg, Toni Morrison, Bill Nye, Keith Olbermann, Janet Reno, E.B. WhiteCornell
21.3%
Holly Hunter, Andy Warhol, Ming-Na Wen, Matt RammeCarnegie Mellon
6.5%

You're not logged in!

Compare scores with friends on all Sporcle quizzes.
OR
Log In

From the Vault

'Star Wars: Episode IV' Start to Finish

by Thebiguglyalien

This should be just like Beggars Canyon back home.
Remove Ads.
Support Sporcle.
Get the best of Sporcle when you Go Orange. This ad-free experience offers more features, more stats, and more fun while also helping to support Sporcle. Thank you for becoming a member.

Show Comments

Extras

Top Quizzes Today


Score Distribution

Your Account Isn't Verified!

In order to create a playlist on Sporcle, you need to verify the email address you used during registration. Go to your Sporcle Settings to finish the process.

Report this User

Report this user for behavior that violates our Community Guidelines.

Details: